| 000 | 00557nam a2200205Ia 4500 | ||
|---|---|---|---|
| 003 | GCL | ||
| 008 | 140319s9999 xx 000 0 eng d | ||
| 040 |
_aGCL / _cGCL |
||
| 082 | 0 | 4 |
_a621.4023 _bR I |
| 100 | 1 | _aRAGHUNANDAM, B.N | |
| 245 | 1 | 0 |
_aINTERNAL COMBUSITION ENGINES AND COMBUSTION / _cRAGHUNANDAM, B.N |
| 260 |
_a[S.N] : _bTATA MCGRAW - HILL PUBLISHING ، _c1994 |
||
| 300 | _a561 P P | ||
| 650 | 0 | 4 | _aDESIGN |
| 650 | 0 | 4 | _aENGINES |
| 650 | 0 | 4 | _aHEAT ENGINEERING |
| 650 | 0 | 4 | _aENGINEERING |
| 650 | 0 | 4 | _aCOMBUSTION ENGINEERING |
| 942 |
_2ddc _cBK |
||
| 999 |
_c12205 _d12205 |
||